000 00827nam a2200229Ia 4500
001 10011
003 GE_BSU
008 181216s||||||||xx |||||||||||||| ||und||
040 _cGE_BSU
080 _a94(479.22)"1941-1945
100 _aპაპიძე,შალვა
245 _aდიდება მამაცთ!
245 _bქართველები დიდ სამამულო ომში
245 _cრედ.თ.ჯანგულაშვილი.დ.ზარაფიშვილი
260 _aთბილისი
260 _bნაკადული
260 _c1974
300 _a70გვ.2ფ.ილ.21სმ.
653 _aდიდება მამაცთ!
653 _aქართველები დიდ სამამულო ომში
942 _cBK
999 _c43284
_d43284